Medi ambient : programa integrat d'educació ambiental : curs 2006-2007 programa integrat d'educació ambiental :
Publicado:
Terrassa :
Ajuntament de Terrassa. Servei de Medi Ambient i Sostenibilitat : Centre de Documentació i Educació Ambiental ,
2006
Descripción Física:
95. : il.; 21 cm
Otros Autores:
Terrassa. Servei de Medi Ambient
MARC
| LEADER | 00000nam a2200000Ia 4500 | ||
|---|---|---|---|
| 001 | 24290 | ||
| 008 | 160829s2006 xx 000 0 cat d | ||
| 080 | |a Bib-216 | ||
| 245 | |a Medi ambient : |b programa integrat d'educació ambiental : |b curs 2006-2007 | ||
| 260 | |a Terrassa : |b Ajuntament de Terrassa. Servei de Medi Ambient i Sostenibilitat : |b Centre de Documentació i Educació Ambiental, |c 2006 | ||
| 300 | |a 95. : |b il.; |c 21 cm | ||
| 590 | |a Hi col·labora, entre altres, l'Àrea d'Espais Naturals de la Diputació de Barcelona | ||
| 650 | |a Ecologia urbana |x Terrassa |9 50140 | ||
| 650 | |a Educació ambiental |x Terrassa |9 50141 | ||
| 700 | |a Terrassa. Servei de Medi Ambient |9 50142 | ||
| 710 | |a Barcelona (Catalunya : Província). |b Àrea d'Espais Naturals |9 9050 | ||
| 901 | |a Arxiu | ||
| 942 | |n 1 | ||
| 952 | |0 0 |1 0 |4 0 |6 BIB216 |7 1 |9 55804 |a Arxiu |b Arxiu |d 2016-12-01 |l 0 |o Bib-216 |p 24290 |r 2016-12-01 00:00:00 |w 2016-12-01 |y ARXIU | ||
| 999 | |c 59677 |d 59677 | ||